000 00939cam a22002897a 4500
003 CHAP
005 20220817041844.0
008 971013s r 00010 d
010 _a26619
011 _a27591
035 _a31692
040 _cCHAP
090 _aR-2095
100 0 0 _aKantor, Paul B.
_962693
245 1 4 _aThe library as an information utility in the university context ; evolution and measurement of service
500 _aSobretiro de : Journal of the American Society for Information Science. March-April : 100-112, 1976
590 _aBATCH-UPD
_b10
_c20130110
590 _aBATCH-UPD
_b10
_c20130110
590 _aBATCH-UPD
_b10
_c20130410
590 _aBATCH-UPD
_b10
_c20130914
590 _aCONVERSION
_b10
_c20130109
650 1 4 _aBibliotecas universitarias.
650 1 4 _aBibliotecas
_xEvaluación.
_912511
901 _aBK
942 _cREIMP
_2local
949 _aR-2095
_bBC
_cB
_d-73340
_eReimpreso
_i31692
_si
999 _c26619
_d26619